000
00190 a2200097 4500
020
_a
9788424133337
041
_a
spa
100
_a
Hilda perera
245
_a
Tomasin y el Cerdito
942
_c
K
999
_c
31004
_d
31002